000 01384nam2a22002291 4500
001 rc\3714323
005 20250610102951.0
035 _a(NLR Aleph) 007859192
090 _a7796556
_c7796556
100 _a20130115d1970 |||y0rusy50 ca
101 0 _arus
102 _aRU
105 _aa z |||||
200 0 _a[Вып. 1]
210 _d1970
_aБ. м.
215 _a71 с.
_cил.
461 0 _1001rc\3714322
_12001#$aСовершенствование технологии открытых горных работ$e(Кузбасс)$eСборник статей$e[Вып. 1]-$fМ-во угольной пром-сти СССР. Науч.-исслед. и проектно-конструкт. ин-т по добыче полезных ископаемых открытым способом "НИИОГР"$v[Вып. 1]
_97796554
_cЧелябинск
_d1970-
_fМ-во угольной пром-сти СССР. Науч.-исслед. и проектно-конструкт. ин-т по добыче полезных ископаемых открытым способом "НИИОГР"
_nБ. и.
_o(Кузбасс) : Сборник статей : [Вып. 1]-
_tСовершенствование технологии открытых горных работ
_v[Вып. 1]
801 0 _aRU
_bNLR
_gpsbo
801 1 _aRU
_bELAR
_2rusmarc
852 _aNLR
_j70-4/10057
942 _cBOOK
980 _aNB